UM Logo

Crowd and crisis management / (Record no. 18685)

MARC details
000 -LEADER
fixed length control field 00716nam a22001937a 4500
008 - FIXED-LENGTH DATA ELEMENTS--GENERAL INFORMATION
fixed length control field 240117b ||||| |||| 00| 0 eng d
020 ## - INTERNATIONAL STANDARD BOOK NUMBER
International Standard Book Number 9786214780082
082 ## - DEWEY DECIMAL CLASSIFICATION NUMBER
Edition number 2022
Classification number DFil 658.405
Item number V839
100 ## - MAIN ENTRY--PERSONAL NAME
Personal name Vizconde, Angelie Marie L.
9 (RLIN) 46805
245 ## - TITLE STATEMENT
Title Crowd and crisis management /
Statement of responsibility, etc. Angelie Marie L. Vizconde, Alejandro D. Magnaye, and Laila D. Malabanan.
260 ## - PUBLICATION, DISTRIBUTION, ETC. (IMPRINT)
Place of publication, distribution, etc. Manila :
Name of publisher, distributor, etc. Edric publishing house,
Date of publication, distribution, etc. ©2022.
300 ## - PHYSICAL DESCRIPTION
Extent 92 pages :
Other physical details illustrations ;
Dimensions 25 cm.
500 ## - GENERAL NOTE
General note Includes references.
650 ## - SUBJECT ADDED ENTRY--TOPICAL TERM
Topical term or geographic name as entry element Crisis management.
9 (RLIN) 50714
650 ## - SUBJECT ADDED ENTRY--TOPICAL TERM
Topical term or geographic name as entry element Crowd
General subdivision Management.
9 (RLIN) 50715
700 ## - ADDED ENTRY--PERSONAL NAME
Personal name Magnaye, Alejandro D.
Relator term author.
9 (RLIN) 50711
700 ## - ADDED ENTRY--PERSONAL NAME
Personal name Malabanan, Laila D.
Relator term author.
9 (RLIN) 50712
942 ## - ADDED ENTRY ELEMENTS (KOHA)
Source of classification or shelving scheme Dewey Decimal Classification
Koha item type Filipiniana
Holdings
Withdrawn status Lost status Source of classification or shelving scheme Damaged status Not for loan Collection code Home library Current library Date acquired Source of acquisition Cost, normal purchase price Total Checkouts Full call number Barcode Date last seen Copy number Price effective from Koha item type
    Dewey Decimal Classification     Filipiniana UM Digos College - LIC UM Digos College - LIC 08/08/2023 Purchased 895.00   DFil 658.405 V839 2022 27354 05/15/2025 1 01/17/2024 Filipiniana
    Dewey Decimal Classification     Filipiniana UM Digos College - LIC UM Digos College - LIC 08/08/2023 Purchased 895.00   DFil 658.405 V839 2022 27383 05/15/2025 2 01/17/2024 Filipiniana